| 000 | 01103cam a22002651i 4500 | ||
|---|---|---|---|
| 003 | SA-RiAUC | ||
| 005 | 20260420122246.0 | ||
| 008 | 260419s2019 le g 000r0 ara c | ||
| 040 |
_aSA-JeALM _bara _cSA-RiAUC. _erda |
||
| 050 | 4 | _b.S23 2019 | |
| 082 | 0 | 4 |
_a219.1 _qSA-RiAUC |
| 090 |
_a219.1 _bح ج و |
||
| 100 | 1 |
_aالحجوري، يحيى بن علي. _eمؤلف. |
|
| 245 | 1 | 0 |
_aحشد الأدلة على أن اختلاط النساء بالرجال وتجنيدهن من الفتن المضلة / _cتأليف أبي عبدالرحمن يحيى بن علي الحجوري |
| 264 | 1 |
_aصنعاء : _bدار الآثار، _c2003 |
|
| 300 |
_a88 صفحة _c20 سم. |
||
| 336 |
_aنص _btxt _2rdacontent _3كتاب |
||
| 337 |
_aبدون وسيط _bn _2rdamedia |
||
| 650 | 7 |
_aالإسلام والإصلاح الاجتماعي _2aucsh |
|
| 650 | 7 |
_aالمرأة (فقه إسلامي) _2aucsh |
|
| 650 | 7 |
_aالخلوة (فقه إسلامي) _2aucsh |
|
| 650 | 7 |
_aالاختلاط (فقه إسلامي) _2aucsh |
|
| 942 |
_2ddc _cBOOK _n0 |
||
| 949 |
_aSA-JeALM _d260419 _uosman123 _n1 |
||
| 999 |
_c14853 _d14853 |
||